• 首页
  • 本馆介绍
  • 公告通知
  • 最新文献
  • 馆藏检索
  • 电子资源
  • 读者导购
  • 参考咨询
  • 我的图书馆
  • 登录
  • 详细信息显示
  • 放入我的书架
  • 预约/预借图书
  • 作者相关作品
  • 分类相关作品
  • 丛书相关作品
  • 出版社相关作品

书目信息

  • 表格格式
  • 工作单格式
  • 卡片格式
题名:
颈肩病速效自疗
    
 
作者: ;健康中国名家论坛编委会 编著
分册:  
出版信息: 长春   吉林出版集团有限责任公司  2020.9
页数: 253页
开本: 24cm
丛书名:
单 册:
中图分类: R274.915
科图分类:
主题词: 颈肩痛--中医治疗法 , 颈肩痛 , 中医治疗法
电子资源:
ISBN: 978-7-5463-3324-3
000 00888nam0 2200265 45
001 012001002891
005 20141010111003.0
010    @a978-7-5463-3324-3@dCNY29.80
100    @a20110118d2010 em y0chiy50 ea
101 0  @achi
102    @aCN@b220000
105    @aa z 000yy
106    @ar
200 1  @a颈肩病速效自疗@f健康中国名家论坛编委会编著@Ajing jian bing su xiao zi liao
210    @a长春@c吉林出版集团有限责任公司@d2020.9
215    @a253页@c图@d24cm
300    @a健康大学堂 20
330    @a本书通过丰富的图解,详细介绍了颈肩手肘病的速效自疗方法,包括按摩、拔罐、刮痧、药膳等八大传统中医疗法。
606 0  @a颈肩痛@x中医治疗法
606 0  @a颈肩痛
606 0  @a中医治疗法
690    @aR274.915@v4
711 02 @a健康中国名家论坛编委会@4编著@Ajian kang zhong guo ming jia lun tan bian wei hui
801  2 @aCN@bBJSDL@c20211018
905    @b1350722-5@dR274.915@e601@f4
    
    颈肩病速效自疗/健康中国名家论坛编委会编著.-长春:吉林出版集团有限责任公司,2020.9
    253页:图;24cm
    健康大学堂 20
    
    ISBN 978-7-5463-3324-3:CNY29.80
    本书通过丰富的图解,详细介绍了颈肩手肘病的速效自疗方法,包括按摩、拔罐、刮痧、药膳等八大传统中医疗法。
●
相关链接 在E读中查询图书 在五车中查询图书 在当当中查询图书 在豆瓣中查询图书


正题名:颈肩病速效自疗     索取号:R274.915/601         预约/预借

序号 登录号 条形码 馆藏地/架位号 状态 备注
1 1350722   213507221   第二样本阅览室/ [索取号:R274.915/601] 在馆    
2 1350723   213507230   第三借阅区/ [索取号:R274.915/601] 在馆    
3 1350724   213507249   第三借阅区/ [索取号:R274.915/601] 已借出,限还日期为2024.12.05
借出人:邓立华  
 
4 1350725   213507258   第三借阅区/ [索取号:R274.915/601] 在馆    
唐山师范学院图书馆 欢迎您!
大连网信软件有限公司© 版权所有